<?xml version="1.0" encoding="UTF-8"?><?xml-stylesheet type="text/xsl" href="static/style.xsl"?><OAI-PMH xmlns="http://www.openarchives.org/OAI/2.0/" xmlns:xsi="http://www.w3.org/2001/XMLSchema-instance" xsi:schemaLocation="http://www.openarchives.org/OAI/2.0/ http://www.openarchives.org/OAI/2.0/OAI-PMH.xsd"><responseDate>2026-04-14T18:10:02Z</responseDate><request verb="GetRecord" identifier="oai:uvadoc.uva.es:10324/4607" metadataPrefix="marc">https://uvadoc.uva.es/oai/request</request><GetRecord><record><header><identifier>oai:uvadoc.uva.es:10324/4607</identifier><datestamp>2021-06-18T09:26:51Z</datestamp><setSpec>com_10324_38</setSpec><setSpec>col_10324_787</setSpec></header><metadata><record xmlns="http://www.loc.gov/MARC21/slim" xmlns:doc="http://www.lyncode.com/xoai" xmlns:xsi="http://www.w3.org/2001/XMLSchema-instance" xmlns:dcterms="http://purl.org/dc/terms/" xsi:schemaLocation="http://www.loc.gov/MARC21/slim http://www.loc.gov/standards/marcxml/schema/MARC21slim.xsd">
<leader>00925njm 22002777a 4500</leader>
<datafield tag="042" ind1=" " ind2=" ">
<subfield code="a">dc</subfield>
</datafield>
<datafield tag="720" ind1=" " ind2=" ">
<subfield code="a">Berzal Quiñones, María Eugenia</subfield>
<subfield code="e">author</subfield>
</datafield>
<datafield tag="260" ind1=" " ind2=" ">
<subfield code="c">2012</subfield>
</datafield>
<datafield tag="520" ind1=" " ind2=" ">
<subfield code="a">En los últimos tiempos, los resultados analíticos obtenidos del espesado de fangos primarios arrojan resultados desviados con respecto al diseño de la EDAR en estudio. Esto es producto de un incorrecto e ineficaz diseño en la fase de pretratamiento, sumado al ínfimo estado de conservación de los equipos en las diversas etapas, que implica que los sólidos que deberían ser eliminados en el pretratamiento, sean arrastrados, el funcionamiento del espesador sea ineficaz y en consecuencia el fango enviado a digestión sea de mala calidad.Es por ello, que el presente informe expone los motivos asociados a la problemática existente. Se hace un análisis comparativo de los parámetros ideales de operación con respecto a los parámetros de operación reales agrupados en 78 semanas. Una vez detectados los parámetros implicados en el proceso con repercusiones negativas, se plantean propuestas para la mejora de la operatividad de la depuradora.</subfield>
</datafield>
<datafield tag="024" ind2=" " ind1="8">
<subfield code="a">http://uvadoc.uva.es/handle/10324/4607</subfield>
</datafield>
<datafield ind1=" " ind2=" " tag="653">
<subfield code="a">Aguas residuales - Depuración</subfield>
</datafield>
<datafield ind1=" " ind2=" " tag="653">
<subfield code="a">Fangos - Depuración</subfield>
</datafield>
<datafield tag="245" ind1="0" ind2="0">
<subfield code="a">Propuesta de mejoras en el proceso de espesado de fangos primarios de una EDAR</subfield>
</datafield>
</record></metadata></record></GetRecord></OAI-PMH>